Исследование процесса аддитивного формирования изделий из алмазных порошков методом химического осаждения из газовой фазы; Функциональные материалы: разработка, исследование, применение

Dades bibliogràfiques
Parent link:Функциональные материалы: разработка, исследование, применение.— 2017.— [С. 31]
Autor principal: Ерёмин С. А.
Altres autors: Аникин В. Н. (научный руководитель)
Sumari:Заглавие с экрана
Idioma:rus
Publicat: 2017
Col·lecció:Методы исследования и изготовления функциональных материалов
Matèries:
Accés en línia:http://earchive.tpu.ru/handle/11683/45642
Format: MixedMaterials Electrònic Capítol de llibre
KOHA link:https://koha.lib.tpu.ru/cgi-bin/koha/opac-detail.pl?biblionumber=625861

MARC

LEADER 00000naa2a2200000 4500
001 625861
005 20231101133401.0
035 |a (RuTPU)RU\TPU\conf\25127 
035 |a RU\TPU\conf\25126 
090 |a 625861 
100 |a 20171226d2017 k y0rusy50 ca 
101 0 |a rus 
102 |a RU 
105 |a y z 101zy 
135 |a drcn ---uucaa 
181 0 |a i  
182 0 |a b 
200 1 |a Исследование процесса аддитивного формирования изделий из алмазных порошков методом химического осаждения из газовой фазы  |f С. А. Ерёмин  |g науч. рук. В. Н. Аникин 
203 |a Текст  |c электронный 
225 1 |a Методы исследования и изготовления функциональных материалов 
230 |a 1 компьютерный файл (pdf; 155 Kb) 
300 |a Заглавие с экрана 
320 |a [Библиогр.: с. 31 (1 назв.)] 
463 0 |0 (RuTPU)RU\TPU\conf\22867  |t Функциональные материалы: разработка, исследование, применение  |o сборник тезисов докладов IV Всероссийского конкурса научных докладов студентов, г. Томск, г. Тамбов, 23-24 мая 2017 г.  |f Национальный исследовательский Томский политехнический университет (ТПУ) ; Национальный исследовательский Томский государственный университет (ТГУ) ; Тамбовский государственный университет имени Г. Р. Державина ; ред. кол. А. Ю. Годымчук ; Н. И. Каракчеева ; А. А. Гусев  |v [С. 31]  |d 2017 
610 1 |a электронный ресурс 
610 1 |a материаловедение 
610 1 |a аддитивные технологии 
610 1 |a сплавы 
610 1 |a полимерные материалы 
610 1 |a 3D-принтеры 
700 1 |a Ерёмин  |b С. А. 
702 1 |a Аникин  |b В. Н.  |4 727 
801 2 |a RU  |b 63413507  |c 20171228  |g RCR 
856 4 |u http://earchive.tpu.ru/handle/11683/45642 
942 |c BK